| 000 | 01643nam0a22003131 4500 | ||
|---|---|---|---|
| 001 | v19\rc\1423986 | ||
| 005 | 20250618122954.0 | ||
| 035 | _a(NLR Aleph) 004565454 | ||
| 090 |
_a2330685 _c2330685 |
||
| 100 | _a20060512d1885 |||y0rusy50 ca | ||
| 101 | 0 | _arus | |
| 102 | _aRU | ||
| 105 | _aa z ||||| | ||
| 200 | 1 |
_aДоктор и аптека _eОбщепонят. настол. кн. о том, как пользовать больных от всех вообще болезней несложными, но верными лекарствами по рецептам докторов: Нимейра, Кунца, Бильрота... и др., пользующихся европ. известностью _eС подроб. описанием как подавать помощь при холере, а также отравившимся, утонувшим [!], задушенным и в др. внезап. заболеваниях и несчаст. случаях _fСост. д-р Андреев |
|
| 210 |
_aМосква _cтип. В.Ф. Рихтер _d1885 |
||
| 215 |
_a[2], 164, V с., 15 ил. _d17 |
||
| 700 | 1 |
_aАндреев _4220 |
|
| 702 | 1 |
_4570 _7ca _8rus _aБильрот _bТ. _f1829-1894 _gТеодор _9229585 _3RU\NLR\AUTH\770229641 |
|
| 702 | 1 |
_9z01790 _aНимейер _bФ. _f1820-1876 _gФеликс _4570 |
|
| 702 | 1 |
_aКунц _4570 |
|
| 790 | 1 |
_9z01702 _aНимейр _bФ. _f1820-1876 _gФеликс |
|
| 801 | 0 |
_aRU _bNLR _gpsbo |
|
| 801 | 0 |
_aRU _bRuMoRGB _2psbo |
|
| 801 | 1 |
_aRU _bProSoft-M _2rusmarc |
|
| 852 |
_aNLR _j18.170.5.10 |
||
| 899 |
_aRuMoRGB _jФ 7-75/186 |
||
| 899 | _aБАН | ||
| 942 | _cBOOK | ||
| 980 | _aNB | ||